| 000 | 00518nam a2200181Ia 4500 | ||
|---|---|---|---|
| 999 |
_c3769 _d3769 |
||
| 003 | OSt | ||
| 005 | 20200813105328.0 | ||
| 008 | 190216s9999||||xx |||||||||||||| ||und|| | ||
| 020 | _a8173190054 | ||
| 040 | _coclc | ||
| 082 |
_a547.2 _bBAN/S |
||
| 100 |
_aBansal, Raj K _94092 |
||
| 245 | 0 |
_aSynthetic Approaches In Organic Chemistry / _cRaj K Bansal |
|
| 260 |
_bNarosa Publishing, _c1998. _aNew Delhi: |
||
| 300 | _a421p | ||
| 650 | _aChemistry | ||
| 942 |
_cBK _2ddc _h547.2 _iBAN/S _k547.2 _mBAN/S |
||